Wilderness survival : living off the land with the clothes on your back and the knife on your belt (Record no. 96466)

MARC details
000 -LEADER
fixed length control field 00765nam a2200229Ia 4500
008 - FIXED-LENGTH DATA ELEMENTS--GENERAL INFORMATION
fixed length control field 191130s2006##################000#0#eng##
020 ## - INTERNATIONAL STANDARD BOOK NUMBER
ISBN 9780071453318
082 ## - DEWEY DECIMAL CLASSIFICATION NUMBER
Classification number 613.69 ELB
100 ## - MAIN ENTRY--AUTHOR NAME
Personal name Elbroch, Mark
245 ## - TITLE STATEMENT
Title Wilderness survival : living off the land with the clothes on your back and the knife on your belt
Statement of responsibility, etc Mark Elbroch and Michael Pewtherer
260 ## - PUBLICATION, DISTRIBUTION, ETC. (IMPRINT)
Place of publication Camden, Me
Name of publisher Ragged Mountain Press/McGraw-Hill
Year of publication c2006
300 ## - PHYSICAL DESCRIPTION
Number of Pages x, 260 p. : ill. ; 22 cm
500 ## - GENERAL NOTE
General note Includes index
650 ## - SUBJECT ADDED ENTRY--TOPICAL TERM
Topical Term Outdoor life - United States
Topical Term Wilderness survival - United States
700 ## - ADDED ENTRY--PERSONAL NAME
Personal name Pewtherer, Michael
991 ## -
-- 96328
Holdings
Withdrawn status Lost status Damaged status Not for loan Home library Current library Shelving location Date acquired Full call number Accession Number Price effective from Koha item type
        Anna Centenary Library Anna Centenary Library 5TH FLOOR, B WING 09.10.2020 613.69 ELB 470842 09.10.2020 English Books
        Anna Centenary Library Anna Centenary Library 5TH FLOOR, B WING 14.05.2025 613.69 ELB P691661 14.05.2025 Books
        Anna Centenary Library Anna Centenary Library 5TH FLOOR, B WING 14.05.2025 613.69 ELB P691660 14.05.2025 Books

Find us on the map